[Event "Masters"]
[Site "Winterthur SUI"]
[Date "2008.10.11"]
[Round "9"]
[White "Diamant,A"]
[Black "Bachmann,Ax"]
[Result "1/2-1/2"]
[WhiteElo "2393"]
[BlackElo "2511"]

1.e4 g6 2.d4 Bg7 3.Nc3 d6 4.Nf3 c6 5.h3 Nf6 6.Bd3 O-O 7.O-O Nbd7 8.Ne2 e5
9.c3 d5 10.Ng3 exd4 11.Nxd4 Nc5 12.e5 Nfe4 13.Bxe4 dxe4 14.Nb3 Nd3 15.Nxe4 Nxc1
16.Rxc1 Bxe5 17.Qf3 f5 18.Nec5 Qc7 19.Rfe1 b6 20.Nd3 Bh2+ 21.Kh1 Bb7 22.Qe3 Bd6
23.Nd4 c5 24.Ne6 Qc6 25.f3 Rfe8 26.Qh6 Qd7 27.Ndf4 Re7 28.Qg5 Qe8 29.Qh4 Qf7
30.Rcd1 Bxf4 31.Nxf4 Rae8 32.Rxe7 Qxe7 33.Qxe7 Rxe7 34.h4 Kf7 35.Kg1 Bc8
36.Kf2 Rd7 37.Rxd7+ Bxd7 38.Nd3 Ke6 39.f4 Bc6 40.Ne5 Bd5 41.a3 Bb7 42.g3 Bh1
43.Ke3  1/2-1/2

[Event "1st WMSG Blitz Team"]
[Site "Beijing CHN"]
[Date "2008.10.13"]
[Round "6"]
[White "Chan Wei Xuan,T"]
[Black "Hoang Canh Huan"]
[Result "0-1"]
[WhiteElo "2264"]
[BlackElo "2363"]

1.e4 g6 2.d4 Bg7 3.Nc3 d6 4.f4 a6 5.a4 Nd7 6.Nf3 b6 7.Bd3 Bb7 8.O-O c5 9.d5 Qc7
10.Nd2 Ngf6 11.Nc4 O-O 12.Qe2 e6 13.Ne3 exd5 14.Ncxd5 Nxd5 15.Nxd5 Bxd5 16.exd5 Rfe8
17.Qf3 c4 18.Be2 Qc5+ 19.Kh1 f5 20.Ra3 Re4 21.Be3 Qb4 22.c3 Qxb2 23.Raa1 Rae8
24.Rab1 Qxc3 25.Bxb6 Rxe2  0-1

[Event "1st WMSG Blitz Team"]
[Site "Beijing CHN"]
[Date "2008.10.13"]
[Round "7"]
[White "Paragua,M"]
[Black "Kakageldyev,A"]
[Result "1-0"]
[WhiteElo "2526"]
[BlackElo "2449"]

1.e4 g6 2.d4 Bg7 3.Nc3 d6 4.f4 Nf6 5.Nf3 O-O 6.Be3 Na6 7.e5 Nd7 8.Qd2 c5
9.O-O-O cxd4 10.Bxd4 dxe5 11.fxe5 Ndc5 12.Bc4 Be6 13.Bxe6 Nxe6 14.Be3 Qa5
15.Kb1 Rac8 16.Nd5 Qd8 17.Qe2 Qe8 18.h4 Nac7 19.c4 b5 20.h5 bxc4 21.hxg6 fxg6
22.Qxc4 Nxd5 23.Qxd5 Qf7 24.Qe4 Qf5 25.Qxf5 Rxf5 26.Rd7 Rc7 27.Rhd1 Bxe5
28.Nxe5 Rxe5 29.Bxa7 Rxd7 30.Rxd7 Kf7 31.b4 Re1+ 32.Kc2 Re2+ 33.Rd2 Re4 34.Kb3 Nc7
35.a4 Ke6 36.b5 Nd5 37.Bc5 Rg4 38.a5 Rg3+ 39.Kc4 Rg4+ 40.Rd4 Ne3+ 41.Kd3 Rg3
42.Re4+ Kd5 43.Bxe3 e5 44.a6 Rxg2 45.Ra4 e4+ 46.Rxe4 Ra2 47.Rd4+ Ke5 48.Rd7 Ra3+
49.Kc4 Rxe3 50.Re7+  1-0

[Event "1st WMSG Blitz Team"]
[Site "Beijing CHN"]
[Date "2008.10.13"]
[Round "7"]
[White "Friedel,J"]
[Black "Danielsen,Hen"]
[Result "1-0"]
[WhiteElo "2498"]
[BlackElo "2492"]

1.e4 g6 2.d4 Bg7 3.Nc3 d6 4.Bc4 Nf6 5.Qe2 Nc6 6.e5 Nd7 7.Nf3 Nb6 8.Bb3 Na5
9.e6 Nxb3 10.exf7+ Kxf7 11.axb3 h6 12.O-O e6 13.Be3 Bd7 14.Qd2 Bc6 15.Ne1 Qh4
16.f3 Rhf8 17.Nd3 Bxd4 18.Kh1 Bxe3 19.Qxe3 a6 20.Rae1 Rae8 21.Nf4 e5 22.Nd3 Kg7
23.Nf2 Nd5 24.Nxd5 Bxd5 25.Qc3 Bc6 26.Nd3 Qd4 27.Qa5 Rf7 28.Rd1 Qh4 29.Nb4 b6
30.Qa3 Bb7 31.Nd5 Ref8 32.Qa4 Qxa4 33.bxa4 Bxd5 34.Rxd5 Rf4  1-0

[Event "1st WMSG Blitz Team"]
[Site "Beijing CHN"]
[Date "2008.10.13"]
[Round "8"]
[White "Gopal,G"]
[Black "Hoang Canh Huan"]
[Result "1-0"]
[WhiteElo "2548"]
[BlackElo "2363"]

1.e4 g6 2.d4 Bg7 3.Nc3 d6 4.Be3 a6 5.f4 b5 6.Nf3 Bb7 7.Bd3 Nd7 8.e5 e6 9.Ne4 Nb6
10.O-O f5 11.Nf2 Ne7 12.b3 d5 13.Be2 Qd7 14.Nd3 Bc8 15.Nc5 Qc6 16.a4 bxa4
17.Nxa4 Nxa4 18.Rxa4 O-O 19.Qd2 h6 20.Rfa1 Bb7 21.Ne1 Qb6 22.Nd3 Bc6 23.R4a3 Bb5
24.Nc5 Bxe2 25.Qxe2 a5 26.Nd7 Qc6 27.Nxf8 Bxf8 28.Rxa5 Rxa5 29.Rxa5 Qc3 30.Ra8 c5
31.Qd2 Qb2 32.dxc5 Nc6 33.h3 Qb1+ 34.Kh2 Qf1 35.b4 Qc4 36.c3 Kf7 37.Bd4 Be7
38.Qa2 Qd3 39.Qa6 Qe4 40.Qxc6 Qxf4+ 41.Kh1 Qc1+ 42.Bg1  1-0

[Event "1st WMSG Blitz Team"]
[Site "Beijing CHN"]
[Date "2008.10.13"]
[Round "9"]
[White "Yamada,K"]
[Black "Andreasen,P"]
[Result "0-1"]
[WhiteElo "2017"]
[BlackElo "2279"]

1.e4 g6 2.d4 Bg7 3.Nc3 d6 4.Be3 a6 5.Qd2 b5 6.O-O-O Bb7 7.f3 Nd7 8.h4 h5
9.Nh3 Rc8 10.Kb1 c5 11.Ng5 cxd4 12.Bxd4 Ngf6 13.g3 O-O 14.Bh3 Rc4 15.Ne2 Rc7
16.Bc3 Rc4 17.Nf4 Qb6 18.Nxf7 Rxf7 19.Be6 Ne5 20.Bxe5 dxe5 21.Qd8+ Qxd8 22.Rxd8+ Kh7
23.Bxf7 exf4 24.Bxc4 bxc4 25.gxf4 Bh6 26.e5 Nd5 27.Rd7 Bc6 28.Ra7 Bxf4 29.Re1 Bg3
30.Re2 Bxh4 31.b3 Nc3+ 32.Kb2 Nxe2 33.bxc4 Bg3 34.e6 Be5+ 35.Kb3 Nd4+ 36.Kb4 Bxf3
37.Rxa6 h4 38.Ra3 Nxc2+  0-1

[Event "1st WMSG Blitz Team"]
[Site "Beijing CHN"]
[Date "2008.10.13"]
[Round "10"]
[White "Forsaa,E"]
[Black "Kakageldyev,A"]
[Result "0-1"]
[WhiteElo "2322"]
[BlackElo "2449"]

1.d4 g6 2.e4 Bg7 3.Nc3 d6 4.Be2 Nf6 5.g4 h5 6.g5 Ng8 7.Be3 e6 8.Qd2 Ne7 9.O-O-O a6
10.a4 c6 11.Kb1 d5 12.f3 Nd7 13.Nh3 b5 14.Nf4 Nb6 15.a5 Nd7 16.b4 O-O 17.Nd3 Bb7
18.Rhf1 Nc8 19.e5 Ne7 20.f4 Nf5 21.Rf3 Qe7 22.Rh3 Rfc8 23.Na2 Rc7 24.Nac1 Rcc8
25.Nb3 Qd8 26.Rf1 Bf8 27.Qd1 c5 28.Ndxc5 Nxc5 29.dxc5 d4 30.Nxd4 Bg2 31.Nxf5 Bxh3
32.Nd6 Bxd6 33.exd6 Qd7 34.Bd4 e5 35.Bxe5 Re8 36.Bf3 Rac8 37.Re1 Bf5 38.Bc3 Rxe1
39.Qxe1 Re8 40.Qd2 Qe6 41.Qd4 Qb3+ 42.Bb2 Re1+ 43.Bd1 Bxc2+ 44.Kc1 Rxd1+
45.Qxd1 Bxd1 46.Kd2 Qxb2+ 47.Kxd1 Qd4+ 48.Ke2 Kf8  0-1

[Event "1st WMSG Blitz Team"]
[Site "Beijing CHN"]
[Date "2008.10.13"]
[Round "10"]
[White "Diermair,A"]
[Black "Danielsen,Hen"]
[Result "1-0"]
[WhiteElo "2365"]
[BlackElo "2492"]

1.e4 g6 2.d4 Bg7 3.Nc3 d6 4.f4 Nf6 5.Nf3 O-O 6.Bd3 Na6 7.O-O c5 8.d5 Bg4
9.h3 Bxf3 10.Rxf3 Nc7 11.a4 e6 12.dxe6 fxe6 13.Qe2 d5 14.e5 Nd7 15.b3 a6
16.Bb2 Qe7 17.a5 Rf7 18.Raf1 Raf8 19.Kh1 Bh6 20.Qf2 Bg7 21.Ne2 Nb8 22.Ba3 d4
23.Nxd4 Nd5 24.g3 Nd7 25.Bc4 Nc7 26.Ne2 Nxe5 27.Bxc5 Qe8 28.Bxf8 Nxf3 29.Bxg7 Nd2
30.Bb2 Qc6+ 31.Kg1 Nxf1 32.Qd4 Kf8 33.Ba3+ Ke8 34.Qh8+ Kd7 35.Kxf1 Qf3+ 36.Kg1 Kc6
37.Nd4+ Kd7 38.Nxf3  1-0

[Event "South Bohemia Open"]
[Site "Cesky Krumlov CZE"]
[Date "2008.10.13"]
[Round "4"]
[White "Jenicek,J"]
[Black "Kukla,Pe"]
[Result "0-1"]
[WhiteElo "2165"]
[BlackElo "2099"]

1.e4 g6 2.d4 Bg7 3.Nc3 d6 4.Nf3 Nf6 5.h3 O-O 6.Bg5 c6 7.Bc4 Nbd7 8.Qd2 b5
9.Bd3 Qc7 10.Bh6 Bb7 11.Bxg7 Kxg7 12.O-O b4 13.Nd1 c5 14.c3 Bxe4 15.Qe3 Bxd3
16.Qxd3 Rab8 17.Ne3 bxc3 18.Qxc3 Qb7 19.dxc5 Nxc5 20.b3 Rfc8 21.Qd4 Ne6 22.Qh4 Rc5
23.Rfc1 Rbc8 24.Rxc5 Rxc5 25.Nd2 Qc6 26.Nec4 Qd5 27.Re1 Qd3 28.f3 d5 29.b4 Rc7  0-1

[Event "1st WMSG Rapid Team w"]
[Site "Beijing CHN"]
[Date "2008.10.14"]
[Round "2"]
[White "Brunello,M"]
[Black "Malikgulyewa,A"]
[Result "1-0"]
[WhiteElo "2117"]
[BlackElo "2051"]

1.e4 d6 2.d4 g6 3.Nc3 Bg7 4.Be3 Nf6 5.h3 Nc6 6.Qd2 e5 7.Nf3 O-O 8.Bd3 Re8
9.O-O Nh5 10.dxe5 dxe5 11.Rad1 Be6 12.Bb5 Qf6 13.Bg5 Bh6 14.Bxh6 Nf4 15.Bxf4 exf4
16.Nd5 Qxb2 17.Rb1 Qg7 18.Qxf4 Nd4 19.Nxd4 Qxd4 20.Nf6+ Kf8 21.Bxe8 Ke7 22.Rxb7 Rc8
23.Rxc7+ Rxc7 24.Qxc7+ Kxf6 25.Qf4+ Ke7 26.Bb5 Qb4 27.Bd3 f5 28.Qc7+ Bd7
29.Qe5+ Kf7 30.exf5 gxf5 31.Bxf5 Bb5 32.Re1 a6 33.Bxh7 Qh4 34.Qf5+ Kg7 35.Qg6+ Kf8
36.Qg8+  1-0

[Event "1st WMSG Rapid Team"]
[Site "Beijing CHN"]
[Date "2008.10.15"]
[Round "5"]
[White "Fier,A"]
[Black "Kakageldyev,A"]
[Result "1-0"]
[WhiteElo "2581"]
[BlackElo "2449"]

1.e4 g6 2.d4 Bg7 3.Nc3 d6 4.f4 Nf6 5.Nf3 O-O 6.e5 Ne8 7.h4 c5 8.h5 cxd4 9.Qxd4 Nc7
10.hxg6 fxg6 11.Bc4+ Kh8 12.Ng5 h5 13.Qd1 Qe8 14.g4 Qc6 15.Bd5 Nxd5 16.Nxd5 e6
17.c4 Qxc4 18.Ne7 Nc6 19.Nxg6+ Kg8 20.Rxh5 dxe5 21.Qf3 Qc2 22.f5 Rd8 23.Be3 Nd4
24.Bxd4 Rxd4 25.f6 Qxg6 26.f7+ Kf8 27.Nh7+ Ke7 28.f8=Q+ Bxf8 29.Qxf8+ Kd7
30.Nf6+ Kc7 31.Rc1+ Kb6 32.Qc5+ Ka6 33.Qa3+ Kb6 34.Rxe5 Rd5 35.Rxd5 exd5
36.Nxd5+ Kb5 37.Rc5+  1-0

[Event "1st WMSG Rapid Team"]
[Site "Beijing CHN"]
[Date "2008.10.15"]
[Round "6"]
[White "Rasmussen,A"]
[Black "Kakageldyev,A"]
[Result "0-1"]
[WhiteElo "2513"]
[BlackElo "2449"]

1.e4 g6 2.d4 Bg7 3.Nc3 d6 4.Nge2 Nf6 5.h3 b5 6.a3 a6 7.g4 Bb7 8.Bg2 h5 9.g5 Ng8
10.Be3 e6 11.O-O Ne7 12.h4 d5 13.Ng3 dxe4 14.Ncxe4 Bd5 15.b3 Nf5 16.Nxf5 exf5
17.Nc5 O-O 18.c3 Re8 19.Re1 Bxg2 20.Kxg2 Nd7 21.Nxd7 Qxd7 22.f3 Re6 23.Qc2 Rae8
24.Bf2 Qd6 25.a4 b4 26.Rxe6 Rxe6 27.cxb4 Qxb4 28.Rd1 c6 29.Qc4 Qb7 30.Re1 Rxe1
31.Bxe1 Qd7 32.Qxa6 Bxd4 33.Qd3 c5 34.Bf2 Qd5 35.a5 Qb7 36.a6 Qb6 37.Bxd4 cxd4
38.Kf2 Qc5 39.Qc4 Qb6 40.Ke2 Qa5 41.Kd3 Qa1 42.Qxd4 Qxa6+ 43.Qc4 Qb7 44.Ke3 Qb6+
45.Ke2 f4 46.b4 Qe3+ 47.Kd1 Qxf3+ 48.Kc2 Qe3 49.b5 f3 50.Qd3 Qc5+ 51.Kd1 Qg1+
52.Kc2 Qg2+ 53.Kc3 f2 54.Qd8+ Kh7 55.Kd4  0-1

[Event "1st WMSG Rapid Team"]
[Site "Beijing CHN"]
[Date "2008.10.16"]
[Round "8"]
[White "Martin del Campo,R"]
[Black "Hoang Canh Huan"]
[Result "1-0"]
[WhiteElo "2420"]
[BlackElo "2363"]

1.e4 g6 2.d4 Bg7 3.Nc3 d6 4.f4 a6 5.Nf3 b5 6.Be3 Bb7 7.Bd3 Nd7 8.a4 b4 9.Na2 a5
10.c3 Ngf6 11.d5 c6 12.dxc6 Bxc6 13.cxb4 Bxe4 14.b5 Bb7 15.Nc3 O-O 16.Qe2 Ng4
17.Bd2 Nc5 18.Bc2 Rc8 19.h3 Nf6 20.O-O Nh5 21.Qf2 e5 22.fxe5 dxe5 23.Rad1 Qc7
24.Be3 Ne6 25.Bb3 Nhf4 26.Bb6 Qe7 27.Bxe6 Qxe6 28.Bxa5 Qc4 29.Qe3 Rfe8 30.Rd7 Ba8
31.Rfd1 Bh6 32.Qf2 e4 33.R1d4 Qe6 34.R7d6 Qb3  1-0

[Event "TCh-AUT 2nd Bundesliga West 2008-9"]
[Site "Austria AUT"]
[Date "2008.10.17"]
[Round "1"]
[White "Fuchs,G"]
[Black "Deglmann,L"]
[Result "1-0"]
[WhiteElo "2210"]
[BlackElo "2342"]

1.e4 g6 2.d4 Bg7 3.Nc3 d6 4.Be3 a6 5.Qd2 Nd7 6.O-O-O b5 7.Nf3 Bb7 8.d5 c5
9.dxc6 Bxc6 10.Nd4 Bb7 11.f3 Rc8 12.Nd5 h5 13.g3 Ngf6 14.Nxf6+ Nxf6 15.Bh3 Ra8
16.Rhg1 Qc7 17.Qd3 h4 18.e5 dxe5 19.Ne6 Qa5 20.b4 e4 21.fxe4 fxe6 22.bxa5 Bxe4
23.Qd4 Rc8 24.Rd2 Kf7 25.Rf2 Rc4 26.Qe5 Bf5 27.Bxf5 gxf5 28.gxh4 Re4 29.Qc5 Ng4
30.Bg5 Bd4 31.Qxe7+ Kg6 32.Rxg4  1-0

[Event "24th ECC"]
[Site "Kallithea GRE"]
[Date "2008.10.17"]
[Round "1"]
[White "Botto,J"]
[Black "Sulyok,M"]
[Result "0-1"]
[WhiteElo "1907"]
[BlackElo "2227"]

1.e4 g6 2.d4 Bg7 3.Nc3 d6 4.f4 a6 5.Nf3 b5 6.a3 Nd7 7.Bd3 Bb7 8.Ne2 c5 9.c3 Qb6
10.Be3 Ngf6 11.Qb1 O-O 12.h3 c4 13.Bc2 e5 14.O-O Rae8 15.Ng3 Bh6 16.Nd2 d5
17.Rf3 exf4 18.Bxf4 Bxf4 19.Rxf4 dxe4 20.Ngxe4 Nh5 21.Rf2 f5 22.Ng5 Qf6 23.Ngf3 Nf4
24.Qf1 Nd5 25.a4 Ne3 26.Qb1 g5 27.Nf1 g4 28.Ne1 Nxc2 29.Qxc2 Be4 30.Qd2 Qh4
31.Qf4 Nf6 32.axb5 Nh5 33.Qc7 Re7 34.Qxc4+ Ref7 35.bxa6 gxh3 36.Qe2 hxg2
37.Nxg2 Rg7 38.Ne3 f4 39.Nf1 f3 40.Qc4+ Kh8 41.Ne3 Nf4 42.Qc5 Nh3+ 43.Kh2 Qg3+
44.Kh1 Nxf2+ 45.Kg1 Nh3+  0-1

[Event "24th ECC"]
[Site "Kallithea GRE"]
[Date "2008.10.17"]
[Round "1"]
[White "Karttunen,M"]
[Black "Gashimov,V"]
[Result "1/2-1/2"]
[WhiteElo "2411"]
[BlackElo "2703"]

1.d4 g6 2.e4 Bg7 3.Nc3 d6 4.Be3 a6 5.Nf3 Nf6 6.h3 O-O 7.Bd3 Nfd7 8.Ne2 c5
9.c3 Nc6 10.O-O b5 11.Qd2 Bb7 12.Bh6 e5 13.d5 Ne7 14.b4 Re8 15.Bxg7 Kxg7
16.a4 Nxd5 17.axb5 N5f6 18.Ng3 axb5 19.Rxa8 Bxa8 20.Bxb5 cxb4 21.cxb4 Bxe4
22.Nxe4 Nxe4 23.Qd3 f5 24.Bc6 Re7 25.Bxe4 fxe4 26.Qxe4 Nf6 27.Qc6 Rc7 28.Qa6 Ne4
29.Qd3 Nc3 30.Nxe5 Qf6 31.Ng4 Qf4 32.b5 Qb4 33.Qe3 Qf4 34.Qxf4 Ne2+ 35.Kh2 Nxf4
36.Rd1 Rb7 37.g3 Ne2 38.Rxd6 Nc3 39.b6 Na4 40.h4 Nxb6 41.h5 gxh5 42.Nf6 Nc4
43.Nxh5+ Kf8 44.Rd4 Ne5 45.Kg2 Rc7 46.Re4 Ng6 47.f4 Kf7 48.Kh3 Ne7 49.Re5 Rc6
50.Rg5 Kf8 51.Rb5 Rh6 52.g4 Rd6 53.Rb8+ Kf7 54.Rb7 Kf8 55.f5 Rd3+ 56.Kh4 Rd4
57.Kg3 Rd3+ 58.Kf4 Rd4+ 59.Kf3 Nc6 60.Nf4 Kg8 61.g5 Rb4 62.Rxb4 Nxb4 63.Ke4 Nc6
64.Kd5 Nd8 65.Ke5 Kf7 66.Nh5 Nc6+ 67.Ke4 Nb4 68.Nf6 Kg7 69.Nd7 Kf7 70.f6 Ke6
71.Nc5+ Kf7 72.Kf5 Nc2 73.Nd3 Nd4+ 74.Ke4 Ne6 75.Ne5+ Kf8 76.Kf5 Nd4+ 77.Kg4 Kg8
78.Kh5 Nf5 79.Nc6 Nd6 80.Ne7+ Kf8 81.Nc6 Kg8 82.Nd8 Nf5 83.Kg4 Nd4 84.Kf4 Kf8
85.Ke4 Ne2 86.Ke5 Ke8 87.Kd6 Ng3 88.f7+ Kf8 89.Ke5 Ke7 90.Kf4 Nh5+ 91.Kf3 Ng7
92.Kg4 Kf8 93.g6 hxg6 94.Kg5 Ne6+  1/2-1/2

[Event "Ugra Cup"]
[Site "Khantiy Mansiysk RUS"]
[Date "2008.10.17"]
[Round "3"]
[White "Gasanov,E"]
[Black "Erushev,G"]
[Result "1-0"]
[WhiteElo "2550"]
[BlackElo "2351"]

1.e4 g6 2.d4 Bg7 3.Nc3 d6 4.Bg5 c6 5.Qd2 Nd7 6.f4 Qb6 7.O-O-O h6 8.Bh4 a5
9.Nf3 a4 10.e5 a3 11.b3 g5 12.Bf2 g4 13.Nh4 d5 14.Be2 h5 15.h3 Nh6 16.hxg4 hxg4
17.Bd3 Qb4 18.Ne2 Qxd2+ 19.Kxd2 b6 20.Ng3 e6 21.f5 Ba6 22.Nh5 Bf8 23.fxe6 fxe6
24.Bg6+ Kd8 25.Nf4 Kc7 26.Nxe6+ Kb7 27.Nf5 Nxf5 28.Bxf5 Bh6+ 29.Be3 Bxe3+
30.Kxe3 g3 31.Kf3  1-0

[Event "24th ECC"]
[Site "Kallithea GRE"]
[Date "2008.10.18"]
[Round "2"]
[White "Urkedal,F"]
[Black "Filipovic,SJ"]
[Result "1-0"]
[WhiteElo "2316"]
[BlackElo "2230"]

1.d4 g6 2.e4 Bg7 3.Nc3 d6 4.Bg5 h6 5.Bh4 c5 6.d5 a6 7.Qd2 Qa5 8.f4 Nd7 9.Nf3 b5
10.Be2 Bxc3 11.Qxc3 Qxc3+ 12.bxc3 Ngf6 13.Nd2 Rg8 14.Bf2 Bb7 15.a4 bxa4 16.O-O Kd8
17.Rxa4 Nb6 18.Ra2 Kc7 19.c4 a5 20.e5 Nfd7 21.Bh4 g5 22.exd6+ exd6 23.fxg5 Ne5
24.gxh6 Nxd5 25.cxd5 Bxd5 26.c4 Rxg2+ 27.Kh1 Bc6 28.Nf3 Rxe2 29.Rxe2 Nxf3
30.Re7+ Kd8 31.Rxf3 Bxf3+ 32.Kg1 Be4 33.Ra7+ f6 34.Rxa8+  1-0

[Event "Ugra Cup"]
[Site "Khantiy Mansiysk RUS"]
[Date "2008.10.18"]
[Round "4"]
[White "Iljiushenok,I"]
[Black "Sosnin,An"]
[Result "1-0"]
[WhiteElo "2314"]
[BlackElo "2274"]

1.e4 g6 2.d4 Bg7 3.Nc3 d6 4.Be3 Nd7 5.Nf3 c6 6.Bc4 e6 7.Qd2 d5 8.Bd3 h6 9.O-O Ne7
10.Rfe1 b6 11.Bf4 Nf6 12.Be5 Kf8 13.exd5 exd5 14.h3 Kg8 15.Qf4 g5 16.Qh2 Be6
17.Ne2 Qd7 18.Ng3 Nf5 19.Bxf5 Bxf5 20.Bxf6 Bxf6 21.Nh5 Qd8 22.Re8+  1-0

[Event "24th ECC"]
[Site "Kallithea GRE"]
[Date "2008.10.20"]
[Round "4"]
[White "Heimann,An"]
[Black "Rausis,I"]
[Result "1-0"]
[WhiteElo "2428"]
[BlackElo "2480"]

1.e4 g6 2.d4 Bg7 3.Nc3 d6 4.Be3 a6 5.Qd2 Nd7 6.O-O-O b5 7.f3 Bb7 8.h4 h5
9.Nh3 c6 10.Kb1 Qc7 11.Ne2 c5 12.Ng5 Ngf6 13.d5 Ne5 14.Nf4 Bc8 15.Be2 Bd7
16.g3 Qb7 17.Ng2 Nh7 18.Bf4 Nxg5 19.Bxg5 Nc4 20.Bxc4 bxc4 21.c3 Bb5 22.Ne3 O-O-O
23.Qc2 a5 24.Kc1 Kd7 25.Kd2 Rb8 26.Rb1 Qa7 27.Ke1 Rb6 28.Kf2 Ba6 29.Rbe1 Kc8
30.Nd1 Qd7 31.Bf4 Bb5 32.Qe2 f6 33.Bc1 Ba6 34.Qc2 Kb7 35.Reg1 f5 36.Ne3 Rf8
37.exf5 gxf5 38.Ng2 Be5 39.Nf4 Bxf4 40.gxf4 Rf7 41.Rg5 e6 42.dxe6 Qxe6 43.Re1 Qd7
44.Rxh5 Ka7 45.Qe2 Qa4 46.Qe6 Rc7 47.Qxf5 Bc8 48.Qf8 Qc2+ 49.Kg3 Bb7 50.Qe8 d5
51.Qe2 Qa4 52.Rg5 Qxa2 53.Qe5 Rd7 54.f5 Qb1 55.Qe8 Rh7 56.Qe3 d4 57.cxd4 Rb3
58.Qe5 Rxf3+ 59.Kg4 Rh6 60.Qxc5+ Rb6 61.Re6 Rf4+ 62.Kxf4 Qxc1+ 63.Ke5  1-0

[Event "WYCC Boys U14"]
[Site "Vung Tau City VIE"]
[Date "2008.10.20"]
[Round "1"]
[White "Kotainy,J"]
[Black "Thanarotrung,R"]
[Result "1-0"]
[WhiteElo "2210"]
[BlackElo "1787"]

1.e4 g6 2.d4 d6 3.Nc3 Bg7 4.Be3 Nf6 5.f3 O-O 6.Qd2 Nbd7 7.O-O-O e5 8.Bc4 c6
9.dxe5 dxe5 10.Nh3 b5 11.Bb3 a5 12.a4 b4 13.Ne2 Ba6 14.g4 c5 15.g5 Nh5 16.Bd5 Rc8
17.Ng3 Nb6 18.Nxh5 gxh5 19.Qf2 Qc7 20.Rhg1 Bc4 21.Qh4 Nxd5 22.exd5 Be2 23.Qxh5 Bxd1
24.Rxd1 Qd6 25.Nf2 Qg6 26.Qg4 f5 27.gxf6 Qxf6 28.Rg1 Qg6 29.Ne4 Qxg4 30.Rxg4 Rxf3
31.Bh6 Rf7 32.Nd6 Rf1+ 33.Kd2 Rc7 34.Ne8 Rff7 35.d6 Kf8 36.Nxg7 Rfd7 37.Ne6+ Kf7
38.Nxc7 Rxd6+ 39.Ke2 Rxh6 40.h4 Rc6 41.Nd5 Ke6 42.Ne3 Rc7 43.b3 Rf7 44.Nc4 Kd5
45.Nxa5 e4 46.Nc4 Kd4 47.Rxe4+ Kc3 48.Ne3 Rd7 49.Rc4+  1-0

[Event "WYCC Boys U16"]
[Site "Vung Tau City VIE"]
[Date "2008.10.20"]
[Round "1"]
[White "Durarbeyli,V"]
[Black "Chirita Mihaila,M"]
[Result "1-0"]
[WhiteElo "2434"]
[BlackElo "2091"]

1.e4 g6 2.d4 Bg7 3.Nc3 d6 4.Be3 a6 5.Bd3 b5 6.Nf3 Bb7 7.Qd2 Nd7 8.a4 b4 9.Ne2 a5
10.Ng3 h5 11.Bg5 c5 12.c3 bxc3 13.bxc3 Qc8 14.O-O Ba6 15.e5 Bxd3 16.Qxd3 dxe5
17.dxe5 c4 18.Qe2 Qa6 19.Ne4 Nxe5 20.Nxe5 Bxe5 21.Rad1 f6 22.Rd5 Rd8 23.Nc5 Qc6
24.Rxd8+ Kxd8 25.Be3 Ke8 26.Qxc4 f5 27.f4 Bd6 28.Qe6 Nf6 29.Bd4 Kf8 30.Kh1 Qd5
31.Bxf6  1-0

[Event "24th ECC"]
[Site "Kallithea GRE"]
[Date "2008.10.21"]
[Round "5"]
[White "Stojanovic,Da"]
[Black "Sulyok,M"]
[Result "1-0"]
[WhiteElo "2455"]
[BlackElo "2227"]

1.e4 g6 2.d4 Bg7 3.Nc3 d6 4.Be3 a6 5.f4 b5 6.Bd3 Bb7 7.Nf3 Nd7 8.e5 c5 9.Be4 Qc8
10.Bxb7 Qxb7 11.Qe2 Nh6 12.dxc5 O-O 13.O-O-O Nf5 14.Bf2 Nxc5 15.g4 Nh6 16.Bxc5 dxc5
17.h3 f5 18.Ng5 Rfd8 19.Ne6 Rxd1+ 20.Rxd1 Qc6 21.Nxg7 Kxg7 22.g5 Nf7 23.e6 Nd6
24.Qe5+ Kg8 25.Nd5  1-0

[Event "WYCC Girls U18"]
[Site "Vung Tau City VIE"]
[Date "2008.10.24"]
[Round "6"]
[White "Bakhtiyarly,A"]
[Black "Sirisena,C"]
[Result "1-0"]
[WhiteElo "1988"]
[BlackElo "1935"]

1.e4 d6 2.d4 g6 3.Nc3 Bg7 4.Be3 a6 5.Qd2 b5 6.f3 Nd7 7.a4 b4 8.Nd1 Rb8 9.Bc4 Ngf6
10.a5 c5 11.c3 bxc3 12.bxc3 e6 13.Qe2 Ra8 14.Nh3 O-O 15.O-O d5 16.Bd3 cxd4
17.cxd4 e5 18.Nc3 Bb7 19.Rfb1 Qc7 20.Rc1 Qd6 21.dxe5 Qxe5 22.f4 Qe7 23.e5 Ne4
24.Bxe4 dxe4 25.Ng5 f6 26.Qc4+ Kh8 27.exf6 Bxf6 28.Rab1 Rac8 29.Qb4 Qxb4
30.Rxb4 Rxc3 31.Rxc3 Bxc3 32.Rxb7 Nf6 33.Ra7 Bxa5 34.Bd4 Bd8 35.Ne6 Re8 36.Nxd8 e3
37.Bxf6+ Kg8 38.Kf1  1-0

[Event "Open A"]
[Site "Le Touquet FRA"]
[Date "2008.10.26"]
[Round "2"]
[White "Therkildsen,T"]
[Black "Larmuseau,Ma"]
[Result "1-0"]
[WhiteElo "2327"]
[BlackElo "2071"]

1.e4 d6 2.d4 g6 3.Nc3 Bg7 4.Be2 Nf6 5.g4 h5 6.g5 Nfd7 7.f4 c5 8.Be3 Nc6 9.Nf3 cxd4
10.Nxd4 Qa5 11.O-O Nxd4 12.Bxd4 Bxd4+ 13.Qxd4 Qc5 14.Rad1 a6 15.Nd5 Rb8 16.a4 b6
17.Nc7+ Kd8 18.Nxa6 Bxa6 19.Bxa6 Kc7 20.b4 Qxd4+ 21.Rxd4 h4 22.Rf3 Ra8 23.Rc3+ Kb8
24.Bb5 Ra7 25.e5 Nf8 26.Bc4 dxe5 27.Rd8+ Kc7 28.Be6+  1-0

[Event "WYCC Boys U18"]
[Site "Vung Tau City VIE"]
[Date "2008.10.26"]
[Round "7"]
[White "Wiwatanadate,P"]
[Black "Nguyen Manh Truong"]
[Result "0-1"]
[WhiteElo "1992"]
[BlackElo "2187"]

1.e4 g6 2.d4 Bg7 3.Nc3 d6 4.Be3 e6 5.Qd2 h6 6.h4 a6 7.h5 g5 8.f4 g4 9.Nge2 Ne7
10.d5 exd5 11.Nxd5 Nxd5 12.Qxd5 Nc6 13.c3 Be6 14.Qd2 Qe7 15.Nd4 Bd7 16.O-O-O O-O-O
17.Bd3 Nxd4 18.Bxd4 f5 19.Qe2 Bxd4 20.cxd4 fxe4 21.Rhe1 d5 22.Bxa6 Qb4 23.Kb1 bxa6
24.Qxa6+ Qb7 25.Qa5 Bb5 26.Rc1 Kd7 27.Ka1 Ra8 28.Qb4 Ra4 29.Qc3 Rha8 30.a3  0-1

[Event "TCh-HUN 2008-9"]
[Site "Zalaegerszeg HUN"]
[Date "2008.10.26"]
[Round "1"]
[White "Pavasovic,D"]
[Black "Parkanyi,A"]
[Result "1/2-1/2"]
[WhiteElo "2597"]
[BlackElo "2361"]

1.e4 g6 2.d4 Bg7 3.Nc3 d6 4.f4 a6 5.Nf3 b5 6.Bd3 Bb7 7.Be3 b4 8.Ne2 Nf6 9.Ng3 O-O
10.O-O Nbd7 11.c3 a5 12.Qe2 c5 13.h3 e6 14.Rad1 Qc7 15.Kh1 Rac8 16.a3 bxa3
17.bxa3 Bc6 18.Rb1 Rb8 19.Nd2 Rxb1 20.Rxb1 Rb8 21.Qd1 Rxb1 22.Qxb1 cxd4 23.cxd4 h5
24.Ne2 Bh6 25.Nf1 d5 26.e5 Ne4 27.Nd2 f5 28.exf6 Ndxf6 29.Nf3 Nd7 30.Ne5 Nxe5
31.dxe5 Qb7 32.Nd4 Qxb1+ 33.Bxb1 Bd7 34.Bxe4 dxe4 35.Nb3 Bf8 36.Nxa5 Bxa3
37.Kg1 Bb5 38.Kf2 Bb4 39.Nb3 Bc4 40.Nd4 Bd5 41.Nc2 Bc3 42.Na3 Bb4 43.Nb5 Bc4
44.Nd6 Bd5 45.g4 hxg4 46.hxg4 Kf8 47.Nb5 Bc4 48.Nd4 Bd5 49.Nc2 Bc3 50.Bc5+ Kf7
51.Na3 g5 52.Nb5 Bb2 53.Be3  1/2-1/2

[Event "WYCC Girls U18"]
[Site "Vung Tau City VIE"]
[Date "2008.10.27"]
[Round "8"]
[White "Maroroa,S"]
[Black "Sirisena,C"]
[Result "0-1"]
[WhiteElo "1938"]
[BlackElo "1935"]

1.e4 d6 2.d4 g6 3.Nc3 Bg7 4.Be3 a6 5.Qd2 b5 6.a3 Nd7 7.f4 Bb7 8.Bd3 Ngf6
9.h3 c5 10.d5 e6 11.Nf3 O-O 12.dxe6 fxe6 13.e5 dxe5 14.fxe5 Nd5 15.Be4 Nxe3
16.Bxb7 Nc4 17.Qe2 Ra7 18.Be4 Ndxe5 19.Nd1 Nxf3+ 20.Bxf3 Qh4+ 21.Qf2 Qxf2+  0-1

[Event "Open A"]
[Site "Le Touquet FRA"]
[Date "2008.10.28"]
[Round "5"]
[White "Feryn,B"]
[Black "Larmuseau,Ma"]
[Result "0-1"]
[WhiteElo "1912"]
[BlackElo "2071"]

1.e4 d6 2.d4 g6 3.Nc3 Bg7 4.f4 Nf6 5.Nf3 O-O 6.Bd3 Na6 7.O-O c5 8.e5 Nd7
9.Ne4 cxd4 10.exd6 Nac5 11.dxe7 Qxe7 12.Re1 Nxd3 13.Qxd3 Nc5 14.Qa3 b6 15.Bd2 Qc7
16.Nxc5 bxc5 17.Qa5 Qxa5 18.Bxa5 Bf5 19.c3 Rab8 20.Re2 Bg4 21.cxd4 Bxf3 22.gxf3 Bxd4+
23.Kf1 Bxb2 24.Rb1 Bf6 25.Rc1 Rfc8 26.Bc3 Bxc3 27.Rxc3 Rb4 28.Re4 Rb1+ 29.Re1 Rxe1+
30.Kxe1 Kg7 31.Rc4 Kf6 32.Re4 Rb8 33.Rc4 Rb1+ 34.Kf2 Rb2+ 35.Kg3 Rxa2 36.Rxc5 a5
37.Re5 h5 38.Kh3 a4 39.Kg3 a3 40.Ra5 Ra1 41.Kh3 a2 42.Kg2 Kg7 43.Ra6 Kf8
44.Ra7 Ke8 45.Ra5 Ke7 46.Ra6 Kd7 47.Ra4 Kc6 48.Ra5 Kb6 49.Ra4 Kb5 50.Ra3 Kb4
51.Ra8 Kc3 52.Rc8+ Kd4 53.Ra8 Ke3 54.f5 g5 55.h3 Kf4 56.Ra5 f6 57.Ra4+ Kxf5
58.Ra5+ Kf4 59.Ra4+ Ke3 60.Ra3+ Kd4 61.Ra4+ Ke5 62.Ra5+ Ke6 63.Ra6+ Kf7 64.Ra7+ Kg6
65.Ra6 Kf7 66.Ra7+ Ke6 67.Ra6+ Ke5 68.Ra5+ Kd4 69.Ra4+ Ke3 70.Ra3+ Ke2 71.Ra8 f5
72.Re8+ Kd2 73.Rd8+ Ke3 74.Re8+ Kf4 75.Ra8 g4 76.Ra4+ Kg5 77.fxg4 hxg4 78.hxg4 f4
79.Ra5+ Kxg4 80.Ra4 Kf5 81.Ra5+ Ke4 82.Ra4+ Ke3 83.Ra3+ Ke2  0-1

[Event "Open A"]
[Site "Le Touquet FRA"]
[Date "2008.10.29"]
[Round "6"]
[White "Helsen,S"]
[Black "Durpaire,A"]
[Result "1-0"]
[WhiteElo "2171"]
[BlackElo "2001"]

1.d4 g6 2.e4 Bg7 3.Nc3 d6 4.Bc4 c6 5.Nf3 e6 6.O-O d5 7.Bd3 a6 8.Qe2 Ne7 9.Bg5 f6
10.Bh4 O-O 11.Rae1 Rf7 12.Nd1 Nd7 13.c4 b5 14.b3 Ra7 15.Ne3 Nf8 16.cxd5 cxd5
17.e5 Nf5 18.Bxf6 Bxf6 19.exf6 Qxf6 20.Ng4 Qg7 21.Nge5 Rfc7 22.Rc1 Rab7 23.Qd2 Nxd4
24.Nxd4 Qxe5 25.Nf3 Qg7 26.Rfe1 Rxc1 27.Qxc1 Rc7 28.Qf4 Qf7 29.Qg3 Rc3 30.Ne5 Qf6
31.Qe3 Qg7 32.Ng4 h5 33.Ne5 Nd7 34.Nxg6 Nc5 35.Ne5 Bb7 36.Bh7+ Kxh7 37.Qxc3 d4
38.Qg3 Qf6 39.b4 h4 40.Qg4 Na4 41.Qxd4 Bd5 42.Rc1 Qg5 43.Rc7+ Kg8 44.Ng4  1-0

[Event "WYCC Boys U14"]
[Site "Vung Tau City VIE"]
[Date "2008.10.29"]
[Round "10"]
[White "Chan Yi Ren,D"]
[Black "Naroditsky,D"]
[Result "1/2-1/2"]
[WhiteElo "2260"]
[BlackElo "2382"]

1.e4 g6 2.d4 Bg7 3.Nc3 d6 4.f4 c6 5.Nf3 Qb6 6.h3 Nf6 7.e5 Nd5 8.Nxd5 cxd5
9.Bd3 Nc6 10.c3 O-O 11.Qe2 dxe5 12.fxe5 f6 13.exf6 exf6 14.O-O Bd7 15.Bf4 Rae8
16.Qf2 Ne7 17.Rae1 Nf5 18.Rxe8 Rxe8 19.Re1 Rxe1+ 20.Qxe1 Qe6 21.Qxe6+ Bxe6
22.b3 Ne7 23.Kf2 Nc6 24.Ne1 Kf7 25.Nc2 f5 26.h4 h6 27.g3 a6 28.Be2 Kf6 29.Ne3 g5
30.hxg5+ hxg5 31.Bd6 g4 32.Bf4 Ne7 33.Bd3 Bf8 34.Be5+ Kg5 35.c4 dxc4 36.bxc4 Ng6
37.Bc7  1/2-1/2